00726nam a22002297a 450000100060000000300090000600500170001500700060003200800400003804000220007809200250010010000380012524501120016326000370027530000270031249000230033950000630036283000230042594200120044895600210046099900150048100200DO-SdBNP20160415151050.000200160415b dr 19--||||| |||| 00| 0 spa d aBPMSUbspacBPMSU axxxxxxxxxbxxxxxxxxx1 aHernández Dominicana, Cristiana1 aLengua española 1o. : bel lenguaje al servicio de la comunicación /6Cristiana Hernández Dominicana aSanto Domingo :bSusaeta,c19--? a231 p. :bil.,c25 cm.1 aEscuela dominicana aLibro de lecto-escritura primer curso educación primaria 0aEscuela dominicana 2ddccBK aBRENDA TAVÁREZ c9805d9805